| 000 | 00666nam a22001697a 4500 | ||
|---|---|---|---|
| 003 | MACL | ||
| 005 | 20160727152714.0 | ||
| 008 | 160727b xxu||||| |||| 00| 0 eng d | ||
| 040 | _cMACL | ||
| 041 | _aHindi | ||
| 082 | _a398 MAN | ||
| 100 |
_aमनोहर, राघवेन्द्रसिंह _965520 |
||
| 245 |
_aराजस्थान के रजवाडों का सांस्कृतिक वैभव _cराघवेन्द्रसिंह मनोहर |
||
| 260 |
_aजयपुर _bपंचशील प्रकाशन _c2011 |
||
| 650 |
_aलोक साहित्य _949621 |
||
| 942 |
_2ddc _cHIN |
||
| 999 |
_c55137 _d55137 |
||